000 01393cam a2200373 a 4500
001 652707
003 EG-ScBUE
005 20250226091805.0
008 940517t2024 nyua f 000 0 eng d
020 _a9781265459000 (alk. paper) :
020 _a1265459002 (pbk. : alk. paper) :
040 _aDLC
_beng
_erda
_cDLC
_dDLC
082 0 4 _a158.2
_222
_bBRI
100 1 _aBrinkman, Rick,
_eauthor.
245 1 0 _aDealing with people you can't stand :
_bhow to bring out the best in people at their worst /
_cRick Brinkman, Rick Kirschner.
264 1 _aNew York :
_bMcGraw Hill,
_c[2024]
264 4 _cc2024
300 _axxi, 423 pages :
_billustrations ;
_c24 cm
336 _2rdacontent
_atext
_btxt
337 _2rdamedia
_aunmediated
_bn
338 _2rdacarrier
_avolume
_bnc
500 _aMillions of copies sold
650 7 _aInterpersonal relations.
_2BUEsh
650 7 _aInterpersonal communication.
_2BUEsh
650 7 _aPsychology, Industrial.
_2BUEsh
653 _cFebruary2025
_bBUSADM
655 _vReading book
700 1 _aKirschner, Rick,
_eauthor.
856 4 2 _3Contributor biographical information
_uhttp://www.loc.gov/catdir/enhancements/fy0607/94020528-b.html
856 4 2 _3Publisher description
_uhttp://www.loc.gov/catdir/enhancements/fy0607/94020528-d.html
906 _a7
_bcbc
_corignew
_d1
_eocip
_f19
_gy-gencatlg
942 _2ddc
_cBB
999 _c30927
_d30898